|
|
แสดงรายละเอียดบรรณานุกรม |
|
|
Brief Record
: Get Marc (ISO 2709)
: E-mail record
: |
| LEADER 00000nama 2200000uu 4500 | |||
| 008 040531s2536 th m m a000 0 tha d | |||
| 041 tha | |||
| 050 W21 ค127ว 2536 | |||
| 100 คณาจารย์คณะแพทยศาสตร์ศิริราชพยาบาล มหาวิทยาลัยมหิดล | |||
| 245 เวชปฏิบัติทันยุค-2537/คณาจารย์คณะแพทยศาสตร์ศิริราชพยาบาล มหาวิทยาลัยมหิดล;บรรณาธิการ สุรพล อิสรไกรศีลและอนงค์เพียรกิจกรรม 001 | |||
| 260 กรุงเทพฯ โครงการตำรา-ศิริราช 2536 | |||
| 300 997 หน้า | |||
| 650 โรค--การวินิจฉัย--การดูแลรักษา การประกอบวิชาชีพเวชกรรมสุรพล อิสรไกรศีล,บรรณาธิการอนงค์ เพียรกิจกรรม,บรรณาธิการมหาวิทยาลัยมหิดล คณะแพทยศาสตร์ ศิริราชพยาบาลชื่อเรื่อง | |||
| 998 1998-11-17 | |||
| คุณยังไม่ได้ล็อกอิน คุณสามารถมีกิจกรรมร่วมกับเว็บไซต์ได้ แต่ต้องล็อกอินก่อน :: |
|
| สถานะ | |||||||||
| 1. | หนังสือทั่วไป | W21 ค127ว 2536 | On Shelf ขอยืม | ||||||
| 2. | หนังสือทั่วไป | W21 ค127ว 2536 | On Shelf ขอยืม | ||||||
| 3. | หนังสือทั่วไป | W21 ค127ว 2536 | On Shelf ขอยืม | ||||||
| 4. | หนังสือทั่วไป | W21 ค127ว 2536 | On Shelf ขอยืม | ||||||
| 5. | หนังสือทั่วไป | W21 ค127ว 2536 | On Shelf ขอยืม | ||||||
| 6. | หนังสือทั่วไป | W21 ค127ว 2536 | On Shelf ขอยืม | ||||||
| 7. | หนังสือทั่วไป | W21 ค127ว 2536 | On Shelf ขอยืม | ||||||
| 8. | หนังสือทั่วไป | W21 ค127ว 2536 | On Shelf ขอยืม | ||||||
| [แสดง 8/8 รายการ] | |||||||||
BibComment |
| คอมเมนท์ทรัพยากรรายการนี้ |
|
|